| 000 | 00877nam a22002417a 4500 | ||
|---|---|---|---|
| 005 | 20100813154219.0 | ||
| 010 | _aENG-99896 | ||
| 020 |
_a9788181712356 _c250.00 |
||
| 035 | _aEN-83428 | ||
| 037 | _bDBAD/PUB | ||
| 082 | _a590.95475 | ||
| 100 |
_aSanjeev Kumar _913857 |
||
| 245 |
_aFauna of Nal Sarovar : _cby Sanjeev Kumar _bGujarat / |
||
| 260 |
_aKolkata _bZoological Survey of India _c2009 |
||
| 270 |
_a234/4, A.J.C. Bose Road, 2nd MSO Building _bKolkata _e700020 |
||
| 300 |
_a137p. _c24cm (pbk) _emaps and photoes |
||
| 490 |
_aWetland Ecosystem Series, 11 _913858 |
||
| 650 |
_aWetlands animals _913859 |
||
| 650 |
_aWetland ecology _913860 |
||
| 700 | _912825 | ||
| 942 |
_2ddc _cEN _h590.95475 _mSAN |
||
| 999 |
_c41712 _d41712 |
||